| 000 | 00859nac a22002771u 4500 | ||
|---|---|---|---|
| 003 | EG-ScBUE | ||
| 005 | 20220905111135.0 | ||
| 008 | 200219t1985 nyua f 001 0 eng d | ||
| 020 | _a0442272456 (pbk.) : | ||
| 040 |
_aEG-ScBUE _beng _erda _cEG-ScBUE _dEG-ScBUE |
||
| 082 | 0 | 4 |
_a720.1 _bORR _222 |
| 100 | 1 |
_aOrr, Frank, _d1932- _eauthor. _940128 |
|
| 245 | 1 | 0 |
_aScale in architecture / _cFrank Orr. |
| 264 | 1 |
_aNew York : _bVan Nostrand Reinhold Company, _c[1985] |
|
| 264 | 4 | _cc1985 | |
| 300 |
_a118 pages : _billustrations (some color) ; _c22 cm |
||
| 336 |
_2rdacontent _atext _btxt |
||
| 337 |
_2rdamedia _aunmediated _bn |
||
| 338 |
_2rdacarrier _avolume _bnc |
||
| 500 | _aIncludes index. | ||
| 650 | 7 |
_aArchitecture _xComposition, proportion, etc. _2BUEsh |
|
| 651 | _2BUEsh | ||
| 653 | _bENGARC | ||
| 655 |
_vReading book _934232 |
||
| 942 |
_cBB _2ddc |
||
| 999 |
_c8459 _d8459 |
||